[Event "Izmailov Memorial op 12th"]
[Site "Tomsk"]
[Date "2008.07.01"]
[Round "7"]
[White "Markov, Jurij"]
[Black "Ruzhkovich, Andrey"]
[Result "1-0"]
[WhiteElo "2399"]
[BlackElo "2194"]
[PlyCount "129"]
[EventDate "2008.06.25"]
[EventType "swiss"]
[EventRounds "9"]
[EventCountry "RUS"]
[SourceTitle "CBM 125 Extra"]
[Source "ChessBase"]
[SourceDate "2008.09.01"]
[SourceVersion "1"]
[SourceVersionDate "2008.09.01"]
[SourceQuality "1"]

1. Nf3 Nf6 2. g3 g6 3. Bg2 Bg7 4. 0-0 0-0 5. d4 d6 6. a4 Nbd7 7. a5 c5 8. Nc3 Rb8 9. e4 cxd4 10. Nxd4 a6 11. Nd5 Ne5 12. Bg5 Nc4 13. Qd3 Nxa5 14. Nxe7+ Qxe7 15. Rxa5 Qc7 16. Ra2 Ng4 17. c3 h6 18. Bc1 Ne5 19. Qd1 Bd7 20. h3 Kh7 21. Kh2 Rbd8 22. f4 Nc6 23. Nc2 Be6 24. Ra3 Bc4 25. Re1 Ne7 26. Be3 f5 27. Bd4 Bxd4 28. Qxd4 fxe4 29. Rxe4 Bg8 30. Ra1 Nf5 31. Qd2 Rfe8 32. Rae1 Rxe4 33. Bxe4 Ne7 34. Qd3 Bf7 35. f5 gxf5 36. Bxf5+ Nxf5 37. Qxf5+ Bg6 38. Qf6 Rd7 39. Re6 Rg7 40. Nd4 Qf7 41. Rxd6 Qxf6 42. Rxf6 Rd7 43. g4 Kg7 44. Rb6 Be4 45. Kg3 Rf7 46. Nf5+ Bxf5 47. gxf5 Kh7 48. Kg4 Rg7+ 49. Kf4 Re7 50. f6 Rc7 51. Kf5 a5 52. h4 h5 53. Re6 Kh6 54. Re8 Rc5+ 55. Ke6 Rc6+ 56. Kf7 Kh7 57. Re5 Rc7+ 58. Re7 Rc4 59. Rxb7 a4 60. Rb4 Rc7+ 61. Ke6 Ra7 62. Rd4 Kg6 63. Rf4 Ra6+ 64. Kd5 Kf7 65. c4 1-0

[Event "RUS-chT 09th Group1"]
[Site "Ekaterinburg"]
[Date "2002.05.18"]
[Round "2"]
[White "Markov, Jurij"]
[Black "Shomoev, Anton"]
[Result "1/2-1/2"]
[WhiteElo "2386"]
[BlackElo "2536"]
[PlyCount "27"]
[EventDate "2002.05.17"]
[EventType "team-tourn"]
[EventRounds "7"]
[EventCountry "RUS"]
[SourceTitle "EXT 2020"]
[Source "ChessBase"]
[SourceDate "2019.10.17"]
[SourceVersion "1"]
[SourceVersionDate "2019.10.17"]
[SourceQuality "1"]
[WhiteTeam "Novosibirsk Transsib"]
[BlackTeam "Novokuznetsk"]
[WhiteTeamCountry "RUS"]
[BlackTeamCountry "RUS"]

1. d4 d5 2. c4 e6 3. Nc3 c5 4. cxd5 exd5 5. Nf3 Nc6 6. g3 Nf6 7. Bg2 Be7 8. 0-0 0-0 9. Bg5 c4 10. Ne5 Be6 11. e3 Nd7 12. Nxc6 bxc6 13. Bxe7 Qxe7 14. b3 1/2-1/2

[Event "RUS-chT 09th Group1"]
[Site "Ekaterinburg"]
[Date "2002.05.17"]
[Round "1"]
[White "Markov, Jurij"]
[Black "Volokitin, Andrei"]
[Result "1-0"]
[WhiteElo "2386"]
[BlackElo "2577"]
[PlyCount "71"]
[EventDate "2002.05.17"]
[EventType "team-tourn"]
[EventRounds "7"]
[EventCountry "RUS"]
[SourceTitle "EXT 2020"]
[Source "ChessBase"]
[SourceDate "2019.10.17"]
[SourceVersion "1"]
[SourceVersionDate "2019.10.17"]
[SourceQuality "1"]
[WhiteTeam "Novosibirsk Transsib"]
[BlackTeam "Tyumen Gazovik"]
[WhiteTeamCountry "RUS"]
[BlackTeamCountry "RUS"]

1. d4 Nf6 2. Nf3 g6 3. g3 Bg7 4. Bg2 0-0 5. 0-0 d6 6. a4 c5 7. dxc5 dxc5 8. a5 Nc6 9. Qxd8 Rxd8 10. c3 Nd5 11. e4 Nf6 12. Nbd2 Rb8 13. Re1 Ng4 14. Nc4 Be6 15. Bf1 Rd7 16. h3 Bxc4 17. Bxc4 Nge5 18. Nxe5 Nxe5 19. Be2 b6 20. axb6 axb6 21. Bf4 Rbd8 22. Ra6 Rd6 23. Rea1 h5 24. Ra7 R6d7 25. Rxd7 Rxd7 26. Ra8+ Kh7 27. Rb8 Rd6 28. Rb7 Re6 29. Kf1 c4 30. Bxe5 Bxe5 31. Bxc4 Rf6 32. Kg2 Kg7 33. f4 Rc6 34. Rxe7 Rxc4 35. Rxe5 Kf6 36. Kf3 1-0

[Event "Newport"]
[Site "Newport"]
[Date "1998.??.??"]
[Round "1"]
[White "Markov, Jurij"]
[Black "Bates, Richard"]
[Result "0-1"]
[WhiteElo "2390"]
[BlackElo "2430"]
[PlyCount "88"]
[EventDate "1998.07.??"]
[EventType "tourn"]
[EventRounds "9"]
[EventCountry "WLS"]
[EventCategory "3"]
[SourceTitle "EXT 1999"]
[Source "ChessBase"]
[SourceDate "1998.11.16"]
[SourceVersion "1"]
[SourceVersionDate "1998.11.16"]
[SourceQuality "1"]

1. Nf3 Nf6 2. g3 g6 3. Bg2 Bg7 4. 0-0 0-0 5. d4 d6 6. a4 Nbd7 7. a5 a6 8. c4 e5 9. Nc3 Re8 10. dxe5 dxe5 11. e4 Bf8 12. Qc2 c6 13. Bd2 Nc5 14. Rfd1 Bg4 15. Be3 Qe7 16. b4 Ne6 17. c5 Bg7 18. Rac1 Nd7 19. Ne2 Rad8 20. Ne1 Bxe2 21. Qxe2 Ndf8 22. Rxd8 Rxd8 23. Rd1 Nc7 24. Rxd8 Qxd8 25. Qd3 Qxd3 26. Nxd3 Nfe6 27. Bh3 Kf8 28. Bc1 Ke7 29. Bb2 f6 30. f4 exf4 31. Nxf4 f5 32. Bxg7 Nxg7 33. Kf2 g5 34. Ne2 Kf6 35. Ke3 Ke5 36. exf5 Nd5+ 37. Kd3 Nxf5 38. Bxf5 Kxf5 39. Nd4+ Ke5 40. Nf3+ Kf6 41. Kc4 h5 42. Kd4 Nxb4 43. Ke4 Nd5 44. Nd2 Nc7 0-1

[Event "Newport"]
[Site "Newport"]
[Date "1998.??.??"]
[Round "8"]
[White "Markov, Jurij"]
[Black "Kargin, Arseny"]
[Result "1/2-1/2"]
[WhiteElo "2390"]
[BlackElo "2285"]
[PlyCount "42"]
[EventDate "1998.07.??"]
[EventType "tourn"]
[EventRounds "9"]
[EventCountry "WLS"]
[EventCategory "3"]
[SourceTitle "EXT 1999"]
[Source "ChessBase"]
[SourceDate "1998.11.16"]
[SourceVersion "1"]
[SourceVersionDate "1998.11.16"]
[SourceQuality "1"]

1. e4 c5 2. Nf3 d6 3. d4 cxd4 4. Nxd4 Nf6 5. Nc3 g6 6. Be3 Bg7 7. f3 0-0 8. Qd2 Nc6 9. Bc4 Bd7 10. Bb3 Rc8 11. 0-0-0 Ne5 12. h4 h5 13. Bh6 Bxh6 14. Qxh6 Rxc3 15. bxc3 Qa5 16. f4 Qxc3 17. fxe5 Qa1+ 18. Kd2 Qxd4+ 19. Kc1 Qa1+ 20. Kd2 Qd4+ 21. Kc1 Qa1+ 1/2-1/2

[Event "Newport"]
[Site "Newport"]
[Date "1998.??.??"]
[Round "9"]
[White "Saunders, John C"]
[Black "Markov, Jurij"]
[Result "0-1"]
[WhiteElo "2225"]
[BlackElo "2390"]
[PlyCount "90"]
[EventDate "1998.07.??"]
[EventType "tourn"]
[EventRounds "9"]
[EventCountry "WLS"]
[EventCategory "3"]
[SourceTitle "EXT 1999"]
[Source "ChessBase"]
[SourceDate "1998.11.16"]
[SourceVersion "1"]
[SourceVersionDate "1998.11.16"]
[SourceQuality "1"]

1. e4 c5 2. c3 Nf6 3. e5 Nd5 4. d4 cxd4 5. cxd4 d6 6. Nf3 Nc6 7. Bc4 e6 8. 0-0 Be7 9. Re1 0-0 10. a3 Bd7 11. Nbd2 Nb6 12. Bd3 d5 13. Nf1 a5 14. Qe2 a4 15. Bd2 Na5 16. Bxa5 Rxa5 17. Rac1 Nc8 18. Qc2 g6 19. Qd2 Kg7 20. Ne3 h5 21. h4 Ra8 22. g3 Na7 23. Bb1 Nc6 24. Ng2 Na5 25. Qd3 Nc4 26. Nf4 Rg8 27. Re2 Kf8 28. Ba2 b5 29. Rec2 Bc6 30. Qe2 Rb8 31. Nd3 Qa5 32. Qe1 Qxe1+ 33. Nfxe1 g5 34. hxg5 Bxg5 35. Rd1 h4 36. gxh4 Bxh4+ 37. Kf1 Rg4 38. Nb4 Be8 39. Nf3 Be7 40. Nd3 Kg7 41. Nde1 b4 42. axb4 Bb5 43. Nd3 Rh8 44. Bxc4 dxc4 45. Nc5 Bxc5 0-1

[Event "Newport"]
[Site "Newport"]
[Date "1998.??.??"]
[Round "5"]
[White "Williams, Simon Kim"]
[Black "Markov, Jurij"]
[Result "1/2-1/2"]
[WhiteElo "2315"]
[BlackElo "2390"]
[PlyCount "76"]
[EventDate "1998.07.??"]
[EventType "tourn"]
[EventRounds "9"]
[EventCountry "WLS"]
[EventCategory "3"]
[SourceTitle "EXT 1999"]
[Source "ChessBase"]
[SourceDate "1998.11.16"]
[SourceVersion "1"]
[SourceVersionDate "1998.11.16"]
[SourceQuality "1"]

1. c4 f5 2. Nc3 Nf6 3. g3 g6 4. Bg2 Bg7 5. d4 0-0 6. Nh3 Nc6 7. Nf4 d6 8. d5 Ne5 9. b3 a6 10. h4 Rb8 11. a4 Qe8 12. Qc2 c5 13. Bb2 b6 14. Ra2 Bd7 15. e4 b5 16. axb5 axb5 17. cxb5 Nh5 18. Ne6 Bxe6 19. dxe6 f4 20. g4 f3 21. Bf1 Nf4 22. g5 Qc8 23. Nd1 Qxe6 24. Ne3 Ng2+ 25. Nxg2 fxg2 26. Bxg2 Qg4 27. Bh3 Qf3 28. Be6+ Kh8 29. Rh3 Qg2 30. Qe2 Qg1+ 31. Qf1 Nf3+ 32. Rxf3 Qxf1+ 33. Kxf1 Rxf3 34. Bxg7+ Kxg7 35. b6 Rxb6 36. Ra7 Rf7 37. Ke2 Rb8 38. Ke3 Rbf8 1/2-1/2

[Event "Plzen KB op-C U18"]
[Site "Plzen"]
[Date "1997.??.??"]
[Round "6"]
[White "Hajek, Jan"]
[Black "Markov, Jurij"]
[Result "0-1"]
[WhiteElo "2050"]
[BlackElo "2415"]
[PlyCount "54"]
[EventDate "1997.??.??"]
[EventType "swiss"]
[EventRounds "9"]
[EventCountry "CZE"]
[SourceTitle "EXT 1998"]
[Source "ChessBase"]
[SourceDate "1997.11.17"]
[SourceVersion "1"]
[SourceVersionDate "1997.11.17"]
[SourceQuality "1"]

1. e4 c5 2. Nf3 Nc6 3. Bb5 e6 4. Nc3 Nge7 5. 0-0 Ng6 6. Bxc6 bxc6 7. e5 Be7 8. b3 0-0 9. Bb2 f6 10. Qe2 Qc7 11. Na4 fxe5 12. Nxe5 Nf4 13. Qg4 d6 14. Nc4 e5 15. Qd1 Rf6 16. g3 Nh3+ 17. Kg2 Ng5 18. f4 Bh3+ 19. Kg1 Bxf1 20. Qxf1 exf4 21. Bxf6 Bxf6 22. Re1 fxg3 23. h4 Rf8 24. Kg2 Bd4 25. hxg5 Rxf1 26. Rxf1 Qe7 27. Nc3 Bxc3 0-1

[Event "Chemnitz op"]
[Site "Chemnitz"]
[Date "1997.??.??"]
[Round "5"]
[White "Markov, Jurij"]
[Black "Hess, Christian"]
[Result "1-0"]
[WhiteElo "2415"]
[BlackElo "2305"]
[PlyCount "87"]
[EventDate "1997.??.??"]
[EventType "swiss"]
[EventRounds "9"]
[EventCountry "GER"]
[SourceTitle "EXT 1999"]
[Source "ChessBase"]
[SourceDate "1998.11.16"]
[SourceVersion "1"]
[SourceVersionDate "1998.11.16"]
[SourceQuality "1"]

1. d4 Nf6 2. c4 c6 3. Nc3 d5 4. cxd5 cxd5 5. Bf4 Nc6 6. e3 Bf5 7. Nf3 e6 8. Qb3 Bb4 9. Bb5 Qe7 10. Ne5 Rc8 11. 0-0 0-0 12. Nxc6 bxc6 13. Ba6 Rcd8 14. h3 c5 15. Nb5 Ne4 16. Qa4 g5 17. Bh2 h5 18. dxc5 Bxc5 19. Nd4 Bxd4 20. exd4 g4 21. hxg4 hxg4 22. Be2 Qh4 23. Bxg4 Bxg4 24. f3 Nf6 25. fxg4 Nxg4 26. Bc7 Kg7 27. Qa3 Rc8 28. Bg3 Qh5 29. Rf4 Rc2 30. Raf1 f5 31. Qe7+ Rf7 32. Qxe6 Rf6 33. Qd7+ Rf7 34. Qxd5 Re7 35. Rxf5 Qg6 36. Rg5 Rxg2+ 37. Qxg2 Qxg5 38. Be5+ Rxe5 39. dxe5 Qe3+ 40. Rf2 Qe1+ 41. Qf1 Qxe5 42. Re2 Qc5+ 43. Kg2 Qd5+ 44. Qf3 1-0

[Event "Plzen KB op-C U18"]
[Site "Plzen"]
[Date "1997.??.??"]
[Round "4"]
[White "Markov, Jurij"]
[Black "Rybak, Milan"]
[Result "1-0"]
[WhiteElo "2415"]
[BlackElo "2280"]
[PlyCount "80"]
[EventDate "1997.??.??"]
[EventType "swiss"]
[EventRounds "9"]
[EventCountry "CZE"]
[SourceTitle "EXT 1998"]
[Source "ChessBase"]
[SourceDate "1997.11.17"]
[SourceVersion "1"]
[SourceVersionDate "1997.11.17"]
[SourceQuality "1"]

1. Nf3 Nf6 2. g3 e6 3. Bg2 d5 4. 0-0 c5 5. d4 Nc6 6. c4 dxc4 7. Qa4 Bd7 8. dxc5 Qa5 9. Qxc4 Qxc5 10. Na3 Rc8 11. Rd1 Nd5 12. Qe4 Be7 13. Bg5 f6 14. Bd2 0-0 15. Rac1 Qb6 16. Nc4 Qa6 17. a3 Nb8 18. Be1 Rfe8 19. Nfd2 b5 20. Ne3 Nxe3 21. Qxe3 b4 22. axb4 Bxb4 23. Ne4 Bf8 24. Bc3 Bb5 25. Ra1 Rcd8 26. Bd4 Ba4 27. Rdc1 e5 28. Bxa7 Nc6 29. Nxf6+ gxf6 30. Bxc6 Qxc6 31. Rxc6 Bxc6 32. Bc5 Ra8 33. Rxa8 Rxa8 34. f3 Bg7 35. Qb3+ Kh8 36. Qe6 Bb5 37. Kf2 h6 38. Be7 Ra6 39. Qd5 Ba4 40. Qd8+ Kh7 1-0

[Event "Plzen KB op-C U18"]
[Site "Plzen"]
[Date "1997.??.??"]
[Round "2"]
[White "Sladek, Jaroslav"]
[Black "Markov, Jurij"]
[Result "0-1"]
[WhiteElo "1910"]
[BlackElo "2415"]
[PlyCount "106"]
[EventDate "1997.??.??"]
[EventType "swiss"]
[EventRounds "9"]
[EventCountry "CZE"]
[SourceTitle "EXT 1998"]
[Source "ChessBase"]
[SourceDate "1997.11.17"]
[SourceVersion "1"]
[SourceVersionDate "1997.11.17"]
[SourceQuality "1"]

1. e4 Nf6 2. e5 Nd5 3. d4 d6 4. c4 Nb6 5. exd6 cxd6 6. b3 g6 7. Be3 Bg7 8. Nc3 0-0 9. Qd2 a5 10. a4 Nc6 11. Rc1 Nb4 12. Na2 Nxa2 13. Qxa2 d5 14. c5 Nd7 15. Bb5 Nb8 16. f4 Nc6 17. Nf3 Bg4 18. Ne5 Nxe5 19. fxe5 f6 20. exf6 Rxf6 21. Rf1 Re6 22. Qd2 Bh6 23. Rc3 b6 24. Kf2 Rxe3 25. Rxe3 bxc5 26. Qe1 Bxe3+ 27. Qxe3 cxd4 28. Qxd4 Be6 29. Rd1 Qd6 30. Kg1 Rf8 31. Re1 Rf5 32. Qa7 Qb4 33. Qa8+ Kg7 34. Rf1 Rf4 35. Rxf4 Qxf4 36. Qxa5 Qe3+ 37. Kf1 Qxb3 38. Qe1 Kf7 39. Qh4 Qd1+ 40. Kf2 Qd2+ 41. Kf1 h5 42. Be2 Bf5 43. Qg3 Qc1+ 44. Kf2 Qc5+ 45. Kf1 d4 46. Bb5 Qc1+ 47. Qe1 Qxe1+ 48. Kxe1 Ke6 49. Bc6 Kd6 50. Bf3 e5 51. a5 e4 52. Bd1 Kc5 53. Ba4 e3 0-1

[Event "Plzen KB op-C U18"]
[Site "Plzen"]
[Date "1997.??.??"]
[Round "8"]
[White "Szarowski, Daniel"]
[Black "Markov, Jurij"]
[Result "0-1"]
[WhiteElo "1905"]
[BlackElo "2415"]
[PlyCount "112"]
[EventDate "1997.??.??"]
[EventType "swiss"]
[EventRounds "9"]
[EventCountry "CZE"]
[SourceTitle "EXT 1998"]
[Source "ChessBase"]
[SourceDate "1997.11.17"]
[SourceVersion "1"]
[SourceVersionDate "1997.11.17"]
[SourceQuality "1"]

1. e4 c5 2. Nf3 e6 3. d4 cxd4 4. Nxd4 Nc6 5. Nc3 Nf6 6. Ndb5 d6 7. Bg5 a6 8. Bxf6 gxf6 9. Nd4 Qb6 10. Nb3 h5 11. Be2 h4 12. h3 Bd7 13. 0-0 Rc8 14. a4 Na5 15. Qd4 Qxd4 16. Nxd4 Bh6 17. Rad1 Bf4 18. Nf3 Ke7 19. Rd4 Be5 20. Nxe5 fxe5 21. Rb4 Kd8 22. f4 Ke7 23. f5 Rc6 24. Bg4 Rhc8 25. fxe6 fxe6 26. Bh5 Rf8 27. Rxf8 Kxf8 28. Kf2 Ke7 29. Ke2 Rc8 30. Kd3 Rg8 31. Bf3 Kd8 32. Nd1 Kc7 33. Ne3 Nc6 34. Rc4 Kd8 35. Ke2 Nd4+ 36. Kf2 Bc6 37. c3 Nb3 38. Rb4 Nc5 39. Ke2 Bxa4 40. Kd2 Bc6 41. Nc4 Kc7 42. Na5 b6 43. Nxc6 Kxc6 44. c4 Rf8 45. Ke2 Rf4 46. Ke3 Kc7 47. b3 Kc6 48. Kd2 a5 49. Rb5 Na6 50. Ke3 Nc7 51. Bh5 Nxb5 52. Be8+ Kc5 53. Bxb5 Kb4 54. Ba4 Kc3 55. Bd7 Kxb3 56. Bxe6 Kc3 0-1

[Event "Isle of Man op"]
[Site "Isle of Man"]
[Date "1996.??.??"]
[Round "1"]
[White "Markov, Jurij"]
[Black "Tkachiev, Vladislav"]
[Result "0-1"]
[WhiteElo "2420"]
[BlackElo "2620"]
[PlyCount "83"]
[EventDate "1996.10.??"]
[EventType "swiss"]
[EventRounds "9"]
[EventCountry "IOM"]
[SourceTitle "EXT 1997"]
[Source "ChessBase"]
[SourceDate "1996.11.15"]
[SourceVersion "1"]
[SourceVersionDate "1996.11.15"]
[SourceQuality "1"]

1. e4 g6 2. d4 Bg7 3. Nc3 d6 4. Nge2 Nf6 5. g3 0-0 6. Bg2 Nbd7 7. 0-0 c5 8. h3 Rb8 9. a4 b6 10. Be3 cxd4 11. Bxd4 Bb7 12. g4 a6 13. Ng3 h6 14. Re1 Rc8 15. Bxf6 exf6 16. Qxd6 Ne5 17. Qxd8 Rfxd8 18. Rad1 Rxd1 19. Rxd1 Bf8 20. Nd5 Rxc2 21. Nxf6+ Kg7 22. Ne8+ Kg8 23. Nf6+ Kg7 24. Ne8+ Kh8 25. Nd6 Bc6 26. b3 Rc3 27. Ne2 Rxb3 28. f4 Rd3 29. Rxd3 Nxd3 30. e5 Bxa4 31. Nxf7+ Kg7 32. Nd6 Bxd6 33. exd6 Kf6 34. h4 Bd1 35. g5+ hxg5 36. fxg5+ Ke6 37. h5 gxh5 38. Bd5+ Kxd6 39. g6 Kxd5 40. g7 Bxe2 41. g8Q+ Ke5 42. Qf8 0-1

[Event "Vladivostok op2"]
[Site "Vladivostok"]
[Date "1995.??.??"]
[Round "6"]
[White "Nevostrujev, Vladimir"]
[Black "Markov, Jurij"]
[Result "1/2-1/2"]
[WhiteElo "2410"]
[BlackElo "2450"]
[PlyCount "52"]
[EventDate "1995.??.??"]
[EventType "swiss"]
[EventRounds "9"]
[EventCountry "RUS"]
[SourceTitle "CBM 049 Extra"]
[Source "ChessBase"]
[SourceDate "1996.01.01"]
[SourceVersion "1"]
[SourceVersionDate "1996.01.01"]
[SourceQuality "1"]

1. e4 e5 2. Nf3 Nc6 3. Bb5 Nf6 4. 0-0 Nxe4 5. d4 Nd6 6. dxe5 Nxb5 7. a4 Nbd4 8. Nxd4 Nxd4 9. Qxd4 d5 10. exd6 Qxd6 11. Re1+ Be6 12. Qe4 Qb4 13. Qe2 Bd6 14. c3 Qh4 15. g3 Qe7 16. Na3 Bxa3 17. Rxa3 0-0 18. a5 Qd7 19. Qd1 Qc8 20. Ra4 Rd8 21. Rd4 Rxd4 22. Qxd4 b6 23. Bf4 Qb7 24. Qe4 c6 25. Be5 Rd8 26. Qh4 Re8 1/2-1/2

[Event "Pardubice op"]
[Site "Pardubice"]
[Date "1994.??.??"]
[Round "8"]
[White "Markov, Jurij"]
[Black "Odesskij, Ilia"]
[Result "1/2-1/2"]
[WhiteElo "2450"]
[BlackElo "2255"]
[PlyCount "45"]
[EventDate "1994.07.??"]
[EventType "swiss"]
[EventRounds "9"]
[EventCountry "CZE"]
[SourceTitle "EXT 1997"]
[Source "ChessBase"]
[SourceDate "1996.11.15"]
[SourceVersion "1"]
[SourceVersionDate "1996.11.15"]
[SourceQuality "1"]

1. Nf3 d6 2. g3 Nf6 3. Bg2 g6 4. 0-0 Bg7 5. d4 0-0 6. a4 Nc6 7. a5 e5 8. dxe5 dxe5 9. Qxd8 Rxd8 10. a6 e4 11. Ng5 Nd4 12. Nc3 Nxc2 13. Ra4 b5 14. Nxb5 Bd7 15. Rc4 Bxb5 16. Rxc2 Bxa6 17. Nxe4 Nxe4 18. Bxe4 Rab8 19. Bf3 Bb7 20. Rxc7 Bxf3 21. exf3 a5 22. Ra7 Bxb2 23. Bxb2 1/2-1/2

[Event "RUS-chT2"]
[Site "Podolsk"]
[Date "1993.??.??"]
[Round "?"]
[White "Mishra, Neeraj Kumar"]
[Black "Markov, Jurij"]
[Result "1/2-1/2"]
[WhiteElo "2365"]
[BlackElo "2445"]
[PlyCount "81"]
[EventDate "1993.??.??"]
[EventType "team"]
[EventRounds "9"]
[EventCountry "RUS"]
[SourceTitle "TD"]
[Source "ChessBase"]
[SourceDate "1994.03.01"]
[SourceVersion "1"]
[SourceVersionDate "1994.03.01"]
[SourceQuality "1"]

1. d4 d5 2. c4 c6 3. Nc3 Nf6 4. Nf3 dxc4 5. a4 Bf5 6. e3 e6 7. Bxc4 Bb4 8. 0-0 0-0 9. Qe2 Nbd7 10. e4 Bg6 11. Bd3 Re8 12. e5 Nd5 13. Bxg6 fxg6 14. Bd2 Be7 15. Ne4 h6 16. Ne1 Qb6 17. Bc3 c5 18. dxc5 Nxc5 19. Nxc5 Nxc3 20. bxc3 Qxc5 21. Qe4 Qd5 22. Qxg6 Qxe5 23. Nf3 Qf5 24. Qg3 Bf6 25. Nd4 Qd5 26. Nb5 Qc5 27. Qc7 Rac8 28. Qxc5 Rxc5 29. Nxa7 Rxc3 30. Nb5 Rc2 31. Ra3 Rd8 32. Re3 Kf7 33. Rb3 Rd7 34. g3 Ra2 35. Nc3 Bxc3 36. Rxc3 Rxa4 37. Rb1 Ra7 38. Rf3+ Ke8 39. Re3 Re7 40. Rd3 Ra6 41. Rdb3 1/2-1/2

[Event "Multicoop op"]
[Site "Budapest"]
[Date "1992.??.??"]
[Round "8"]
[White "Shabtai, Ran"]
[Black "Markov, Jurij"]
[Result "1/2-1/2"]
[WhiteElo "2340"]
[BlackElo "2455"]
[PlyCount "84"]
[EventDate "1992.??.??"]
[EventType "swiss"]
[EventRounds "9"]
[EventCountry "HUN"]
[SourceTitle "EXT 1997"]
[Source "ChessBase"]
[SourceDate "1996.11.15"]
[SourceVersion "1"]
[SourceVersionDate "1996.11.15"]
[SourceQuality "1"]

1. d4 d5 2. c4 c6 3. Nf3 Nf6 4. Nc3 dxc4 5. a4 Bf5 6. e3 e6 7. Bxc4 Bb4 8. 0-0 0-0 9. Qe2 Nbd7 10. Ne5 Ne4 11. Nxe4 Bxe4 12. Nd3 Bd6 13. f3 Bd5 14. b3 Bxc4 15. bxc4 c5 16. d5 Qc7 17. f4 exd5 18. cxd5 f5 19. Nb2 Rae8 20. Qd3 Re4 21. Nc4 Nb6 22. Nxb6 axb6 23. Qb5 Rb4 24. Qd3 Qd7 25. a5 Ra8 26. Bd2 bxa5 27. Bxb4 cxb4 28. g4 fxg4 29. e4 a4 30. e5 Bc5+ 31. Kg2 b3 32. Qc4 b6 33. d6+ Kh8 34. Qd5 Rc8 35. e6 Qxd6 36. Qxd6 Bxd6 37. Rxa4 g6 38. Re4 b2 39. Rb1 Ba3 40. Ra4 Bc5 41. Re4 Kg7 42. Rxb2 Kf6 1/2-1/2

[Event "Moscow 40th anniversary of Victory"]
[Site "Moscow"]
[Date "1985.03.??"]
[Round "?"]
[White "Markov, Jurij"]
[Black "Bareev, Evgeny"]
[Result "1/2-1/2"]
[WhiteElo "2205"]
[BlackElo "2310"]
[PlyCount "183"]
[EventDate "1985.03.??"]
[EventType "tourn"]
[EventRounds "11"]
[EventCountry "RUS"]
[SourceTitle "EXT 2015"]
[Source "ChessBase"]
[SourceDate "2014.11.20"]
[SourceVersion "1"]
[SourceVersionDate "2014.11.20"]
[SourceQuality "1"]

1. d4 Nf6 2. c4 c5 3. d5 b5 4. Nf3 g6 5. cxb5 a6 6. bxa6 Bg7 7. Nc3 Qa5 8. Nd2 Bxa6 9. g3 d6 10. Bg2 0-0 11. 0-0 Nbd7 12. Qc2 Ne8 13. Nb3 Qb6 14. Bg5 Nef6 15. h3 Rfb8 16. Rfb1 Ne5 17. Nd2 Qa5 18. Kh2 Ra7 19. a3 Bc8 20. Bf4 Nfd7 21. Ra2 Rc7 22. b4 cxb4 23. axb4 Qb6 24. Be3 Qb7 25. Rb3 Nb6 26. Qe4 f5 27. Qb1 Bd7 28. b5 Qc8 29. Ra6 Rxc3 30. Rxb6 Rxb6 31. Bxb6 Rc1 32. Qa2 Rc2 33. Qa5 Rxd2 34. Qxd2 Nc4 35. Qd3 Nxb6 36. e3 Qc5 37. Bf3 Kf8 38. Kg2 Ke8 39. h4 Kd8 40. h5 Bf6 41. e4 Bd4 42. hxg6 hxg6 43. Qe2 fxe4 44. Bxe4 Bf5 45. Rf3 Bxe4 46. Qxe4 Qxd5 47. Qxg6 Nd7 48. Qf7 Qxb5 49. Rf5 Qe2 50. Qd5 Bb6 51. Rf4 Kc7 52. g4 Bc5 53. g5 Qh5 54. Re4 Qh7 55. Re6 Qf7 56. f3 Qg7 57. f4 Nb6 58. Qf3 Qf7 59. f5 Nd7 60. Qe4 Qg7 61. g6 Ne5 62. Rxe5 dxe5 63. Qd5 Kb6 64. Qb3+ Ka5 65. Qf7 Qh6 66. g7 Qd2+ 67. Kh3 Qd3+ 68. Kg4 Qe2+ 69. Kg5 Be3+ 70. Kg6 Qg4+ 71. Kh7 Qh4+ 72. Kg8 e4 73. Qa2+ Kb4 74. Qb2+ Kc4 75. Kf7 Qh5+ 76. Ke6 Qg4 77. Qc2+ Kd4 78. Qb2+ Kd3 79. Qb5+ Kd2 80. Qd5+ Ke1 81. Kf7 Qh5+ 82. Kxe7 Qg5+ 83. Kf7 Qh5+ 84. Kf8 Qh6 85. Qe6 Bc5+ 86. Kf7 Qh5+ 87. Qg6 Qh2 88. Qg5 Qa2+ 89. Kg6 e3 90. f6 e2 91. f7 Qc2+ 92. Qf5 1/2-1/2